| 000 | 00549nam a22001577a 4500 | ||
|---|---|---|---|
| 999 |
_c534697 _d534697 |
||
| 020 | _qHard Cover. | ||
| 082 | _a629.04 | ||
| 100 | _aMuhammad Hasan Khalil | ||
| 245 |
_aPavement impact assessment due to overloading of commercial vehicles in Pakistan / _cMuhammad Hasan Khalil. |
||
| 260 |
_aIslamabad: _bSCEE - NUST, _c2012. |
||
| 300 |
_a64 p. : _bill. ; _c30cm. |
||
| 942 |
_2ddc _cTHE |
||
| 650 |
_aTransportation Engineering MS-Thesis. _916276 |
||
| 700 |
_aDr. Muhammad Babar Khan _929015 |
||